[Event "SG Werl-Wickede 1 - SV KS Haltern"]
[Site "?"]
[Date "2022.03.06"]
[Round "6"]
[White "Eusgeld, Michael"]
[Black "Scheibe, Andreas"]
[Result "1-0"]
[WhiteElo "1743"]
[BlackElo "1771"]
[PlyCount "117"]
[EventDate "2019.??.??"]

1. d4 Nf6 2. Nf3 g6 3. Bg5 Bg7 4. e3 c5 5. c3 O-O 6. Nbd2 d5 7. Be2 Qb6 8. Qb3
Qxb3 9. Nxb3 cxd4 10. cxd4 Nc6 11. O-O Ne4 12. Bh4 Bg4 13. h3 Bd7 14. Rfd1 b6
15. Bb5 f6 16. Rac1 Ne5 17. dxe5 Bxb5 18. Rxd5 Be8 19. Rd4 g5 20. Rxe4 gxh4 21.
exf6 Bxf6 22. Nbd4 Bg6 23. Rg4 Rac8 24. Rxc8 Rxc8 25. Nxh4 Kf7 26. Nxg6 hxg6
27. b3 a6 28. a4 e5 29. Nf3 Rc1+ 30. Kh2 Rc3 31. Rb4 Rc6 32. Nd2 Be7 33. Rc4
Rd6 34. Ne4 Re6 35. Kg3 b5 36. axb5 axb5 37. Rc3 Ra6 38. Kg4 b4 39. Rd3 Ra2 40.
g3 Rc2 41. f3 Ke6 42. h4 Kf7 43. h5 gxh5+ 44. Kxh5 Rc8 45. Kg4 Ke6 46. f4 exf4
47. gxf4 Rc1 48. Kf3 Kf5 49. Nd2 Bf6 50. e4+ Ke6 51. e5 Be7 52. Ke4 Re1+ 53.
Re3 Rd1 54. f5+ Kf7 55. Rd3 Bg5 56. Nc4 Rf1 57. Nd6+ Ke7 58. Rd4 Re1+ 59. Kd5
1-0

[Event "SG Werl-Wickede 1 - SV KS Haltern"]
[Site "?"]
[Date "2022.03.06"]
[Round "6"]
[White "Krahn, Reinhard"]
[Black "Pöter, Manfred"]
[Result "1/2-1/2"]
[WhiteElo "1761"]
[BlackElo "1762"]
[PlyCount "83"]
[EventDate "2019.??.??"]

1. e4 e6 2. d4 d5 3. Nd2 c5 4. exd5 exd5 5. Bb5+ Nc6 6. Qe2+ Qe7 7. dxc5 Qxe2+
8. Nxe2 Bxc5 9. Nb3 Bd6 10. c3 a6 11. Bd3 Ne5 12. Bc2 Nf6 13. O-O O-O 14. Bg5
Ne4 15. Bf4 Be6 16. f3 Nf6 17. Rad1 Rfd8 18. Rfe1 Nc4 19. Bc1 b5 20. Nbd4 h6
21. Nxe6 fxe6 22. Nd4 e5 23. Nf5 Bc5+ 24. Kf1 Re8 25. b3 Nd6 26. b4 Nxf5 27.
bxc5 e4 28. Re2 Rac8 29. Ba3 Rc6 30. Bb4 Rce6 31. fxe4 Nxe4 32. Bxe4 dxe4 33.
Rd5 Rf6 34. Ke1 e3 35. Kd1 Nh4 36. Kc2 Rf2 37. Rdd2 Rxe2 38. Rxe2 Nxg2 39. Rxg2
e2 40. c4 e1=Q 41. Bxe1 Rxe1 42. Kc3 1/2-1/2

[Event "SG Werl-Wickede 1 - SV KS Haltern"]
[Site "?"]
[Date "2022.03.06"]
[Round "6"]
[White "Truszkowski, Hans"]
[Black "Zimmer, Sebastian"]
[Result "0-1"]
[WhiteElo "1723"]
[BlackElo "1677"]
[PlyCount "86"]
[EventDate "2019.??.??"]

1. d4 Nf6 2. c4 g6 3. Nc3 Bg7 4. e4 d6 5. f3 O-O 6. Be3 Nbd7 7. Bd3 c5 8. d5
Ne5 9. Nge2 Nfd7 10. Ng3 Qb6 11. Rb1 Qb4 12. a3 Nxd3+ 13. Qxd3 Ne5 14. Qe2 Qxc4
15. O-O Qxe2 16. Ngxe2 Nc4 17. Bg5 f6 18. Bf4 f5 19. h3 a6 20. a4 Bd7 21. b3
Ne5 22. Bg5 Bf6 23. Bxf6 Rxf6 24. f4 Nd3 25. Rbd1 Nb4 26. e5 Rff8 27. Rd2 Rfc8
28. Rf3 b5 29. Re3 c4 30. Nd4 cxb3 31. axb5 axb5 32. Rb2 Rc4 33. Ndxb5 Bxb5 34.
Nxb5 Nxd5 35. Rexb3 dxe5 36. fxe5 Re4 37. e6 Rxe6 38. Rd2 Nf6 39. Nc7 Ra1+ 40.
Kh2 Ree1 41. Rd8+ Kg7 42. Ne8+ Nxe8 43. Rxe8 f4 0-1

[Event "SG Werl-Wickede 1 - SV KS Haltern"]
[Site "?"]
[Date "2022.03.06"]
[Round "6"]
[White "Stute, Benedikt"]
[Black "Strübig, Dominik"]
[Result "1/2-1/2"]
[WhiteElo "1363"]
[BlackElo "1677"]
[PlyCount "37"]
[EventDate "2019.??.??"]

1. e4 d6 2. d4 g6 3. Nf3 Bg7 4. Be3 Nd7 5. Bc4 c5 6. c3 Qb6 7. Qd2 Ngf6 8. Ng5
e6 9. f3 O-O 10. O-O Nb8 11. g4 Nc6 12. a3 Na5 13. Ba2 c4 14. d5 Qc7 15. dxe6
Bxe6 16. h4 d5 17. Bf4 Qb6+ 18. Be3 Qc7 19. Bf4 1/2-1/2

[Event "SV Welper 2 - SV Horst-Emscher 2"]
[Site "Verbandsklasse - Gruppe 2 202"]
[Date "2022.03.06"]
[Round "6.1"]
[White "Renn, Thorsten"]
[Black "Marx, Patrick"]
[Result "0-1"]
[WhiteElo "1883"]
[BlackElo "1958"]
[PlyCount "104"]
[EventDate "2022.??.??"]
[WhiteTeam "SV Horst-Emscher 2"]
[BlackTeam "SV Welper 2"]

1. e4 c6 2. d4 d5 3. f3 e6 4. Nc3 Bd6 5. e5 Be7 6. Qd3 b6 7. Nge2 Ba6 8. Qe3 c5
9. Bd2 h5 10. O-O-O Nh6 11. g4 Nc6 12. Bh3 cxd4 13. Nxd4 Bc5 14. Nxc6 Bxe3 15.
Nxd8 Bxd2+ 16. Rxd2 Rxd8 17. gxh5 Ng8 18. Bg4 Ne7 19. Rhd1 g6 20. Ne4 gxh5 21.
Nf6+ Kf8 22. Bxh5 Ng8 23. Bg4 Nxf6 24. exf6 Rh6 25. f4 Rxf6 26. f5 Ke7 27. Re1
Kd6 28. Rd4 Bb5 29. fxe6 fxe6 30. Be2 Bc6 31. h4 Rg8 32. h5 Rg2 33. Rh4 Rh6 34.
Kd2 e5 35. c3 Ke6 36. Ke3 Kf6 37. Rf1+ Kg5 38. Rb4 d4+ 39. cxd4 exd4+ 40. Kd2
Re6 41. Re1 Bf3 42. Rxd4 Rgxe2+ 43. Rxe2 Rxe2+ 44. Kc3 Re7 45. b4 Kxh5 46. a4
Kg5 47. a5 Kf5 48. Rd6 b5 49. Kd4 Rc7 50. Rd8 Rc4+ 51. Ke3 Bc6 52. Rf8+ Ke6 0-1

[Event "SV Welper 2 - SV Horst-Emscher 2"]
[Site "Verbandsklasse - Gruppe 2 202"]
[Date "2022.03.06"]
[Round "6.2"]
[White "Teich, Udo"]
[Black "Becker, Marco"]
[Result "1/2-1/2"]
[WhiteElo "1861"]
[BlackElo "1925"]
[PlyCount "74"]
[EventDate "2022.??.??"]
[WhiteTeam "SV Welper 2"]
[BlackTeam "SV Horst-Emscher 2"]

1. d4 Nf6 2. c4 c5 3. dxc5 e5 4. Nc3 Bxc5 5. e3 O-O 6. a3 a5 7. Be2 Nc6 8. Nf3
d6 9. Qc2 Re8 10. O-O Bg4 11. Rd1 Bh5 12. Ne4 Nxe4 13. Qxe4 Bg6 14. Qd5 Qc7 15.
Nh4 Ne7 16. Qf3 Bc2 17. Rd2 Ba4 18. Bd3 Bc6 19. Be4 Bxe4 20. Qxe4 Qc6 21. Qc2
a4 22. Rb1 Reb8 23. Rd3 e4 24. Rd1 g5 25. Qc3 gxh4 26. b4 axb3 27. Bb2 Kf8 28.
Qh8+ Ng8 29. Bf6 d5 30. Qg7+ Ke8 31. Qxg8+ Bf8 32. Bg7 Ke7 33. Bxf8+ Rxf8 34.
Qg5+ f6 35. Qxd5 Qxd5 36. Rxd5 Rxa3 37. Rb5 Rc8 1/2-1/2

[Event "SV Welper 2 - SV Horst-Emscher 2"]
[Site "Verbandsklasse - Gruppe 2 202"]
[Date "2022.03.06"]
[Round "6.3"]
[White "Verfuerth, Christian"]
[Black "Heidt, Viktor"]
[Result "1-0"]
[WhiteElo "1824"]
[BlackElo "1815"]
[PlyCount "73"]
[EventDate "2022.??.??"]
[WhiteTeam "SV Horst-Emscher 2"]
[BlackTeam "SV Welper 2"]

1. d4 Nf6 2. Nf3 e6 3. e3 c5 4. Bd3 Nc6 5. O-O d5 6. b3 b6 7. Bb2 Be7 8. Nbd2
O-O 9. Ne5 Bb7 10. f4 Rc8 11. a3 Re8 12. Qe2 Bd6 13. Ndf3 Qc7 14. Nxc6 Bxc6 15.
Ne5 Ne4 16. Nxc6 Qxc6 17. Bb5 Qc7 18. Bxe8 Rxe8 19. dxc5 Qxc5 20. Rac1 e5 21.
fxe5 Bxe5 22. Bxe5 Rxe5 23. c4 g6 24. b4 Qe7 25. cxd5 Rxd5 26. Rc8+ Kg7 27. Qc4
Rd7 28. Qc2 Rd2 29. Rc7 Rxc2 30. Rxe7 Nd6 31. Rxa7 Re2 32. a4 Rxe3 33. a5 bxa5
34. bxa5 Ra3 35. a6 h5 36. Rd1 Nc8 37. Rc7 1-0

[Event "SV Welper 2 - SV Horst-Emscher 2"]
[Site "Verbandsklasse - Gruppe 2 202"]
[Date "2022.03.06"]
[Round "6.4"]
[White "Leimkuehler, Dirk"]
[Black "Doenges, Dirk"]
[Result "1/2-1/2"]
[WhiteElo "1806"]
[BlackElo "1748"]
[PlyCount "94"]
[EventDate "2022.??.??"]
[WhiteTeam "SV Welper 2"]
[BlackTeam "SV Horst-Emscher 2"]

1. f4 d5 2. Nf3 c5 3. g3 Nc6 4. Bg2 Nf6 5. d3 g6 6. O-O Bg7 7. Nc3 O-O 8. a3 b6
9. e4 Bb7 10. e5 Ne8 11. Bh3 e6 12. Qe1 Qe7 13. Bd2 a6 14. g4 Rd8 15. Qg3 f5
16. Rae1 Kh8 17. Rf2 Nc7 18. Ne2 d4 19. gxf5 gxf5 20. Ng5 Rg8 21. Qh4 Bf8 22.
Ng3 Nd5 23. Bg2 Rg6 24. Qh5 Rd7 25. Qe2 Nd8 26. Bf3 h6 27. Bh5 Rg7 28. Nf3 Nc7
29. b4 Bxf3 30. Qxf3 Qh4 31. Rg2 Nd5 32. Rf1 cxb4 33. axb4 Nxb4 34. Rb1 a5 35.
Be8 Rc7 36. Bxb4 Bxb4 37. Kh1 Rg8 38. Ba4 Nb7 39. Rbg1 Rcg7 40. Bb3 Nc5 41. Bc4
a4 42. Qc6 Qxf4 43. Qxb6 Rb7 44. Qc6 Rbg7 45. Qb6 Rb7 46. Qc6 Rbg7 47. Qb6 Rb7
1/2-1/2

[Event "SV Welper 2 - SV Horst-Emscher 2"]
[Site "Verbandsklasse - Gruppe 2 202"]
[Date "2022.03.06"]
[Round "6.5"]
[White "Tobczewski, Peter"]
[Black "Wallhof, Dieter"]
[Result "1-0"]
[WhiteElo "1874"]
[BlackElo "1798"]
[PlyCount "97"]
[EventDate "2022.??.??"]
[WhiteTeam "SV Horst-Emscher 2"]
[BlackTeam "SV Welper 2"]

1. e4 d6 2. d4 Nf6 3. Bc4 c6 4. Nc3 Qc7 5. h3 e5 6. dxe5 dxe5 7. Nf3 Be7 8. Bg5
Nbd7 9. O-O Nc5 10. Qe2 Ne6 11. Be3 Nh5 12. Bxe6 Bxe6 13. Ng5 Bxg5 14. Bxg5 Nf4
15. Bxf4 exf4 16. Rfd1 Qe5 17. Qf3 h5 18. Ne2 g5 19. Qc3 Qxc3 20. Nxc3 f3 21.
Rd3 fxg2 22. Kxg2 Ke7 23. Rad1 Rad8 24. b3 Rxd3 25. cxd3 f5 26. f3 f4 27. d4 g4
28. hxg4 hxg4 29. Ne2 gxf3+ 30. Kxf3 Rh2 31. Rd2 Bf7 32. Kxf4 Bh5 33. Ke3 Rh3+
34. Kf2 Rf3+ 35. Kg2 Rf7 36. Ng3 Bf3+ 37. Kg1 Rg7 38. Kf2 Bg4 39. Ke3 Bd7 40.
Nf5+ Bxf5 41. exf5 Kf6 42. Rf2 Rg3+ 43. Ke4 Rg4+ 44. Kd3 Rg5 45. Kc4 Rxf5 46.
Rxf5+ Kxf5 47. d5 Ke5 48. dxc6 b6 49. c7 1-0

[Event "SV Welper 2 - SV Horst-Emscher 2"]
[Site "Verbandsklasse - Gruppe 2 202"]
[Date "2022.03.06"]
[Round "6.6"]
[White "Sharma, Rakesh"]
[Black "Hiebsch, Catalina"]
[Result "1/2-1/2"]
[WhiteElo "1762"]
[BlackElo "1811"]
[PlyCount "33"]
[EventDate "2022.??.??"]
[WhiteTeam "SV Welper 2"]
[BlackTeam "SV Horst-Emscher 2"]

1. d4 f5 2. Bg5 Nf6 3. Bxf6 exf6 4. e3 d5 5. Bd3 Be6 6. Ne2 g6 7. Nf4 Bf7 8.
O-O Bd6 9. Re1 O-O 10. Nd2 Nc6 11. c3 Ne7 12. Qc2 c6 13. Nf1 Qc7 14. h4 Rfe8
15. g3 h5 16. Rac1 Rad8 17. a3 1/2-1/2

[Event "SV Welper 2 - SV Horst-Emscher 2"]
[Site "Verbandsklasse - Gruppe 2 202"]
[Date "2022.03.06"]
[Round "6.7"]
[White "Schreiner, Paulo"]
[Black "Berke, Martin"]
[Result "0-1"]
[WhiteElo "1768"]
[BlackElo "1748"]
[PlyCount "46"]
[EventDate "2022.??.??"]
[WhiteTeam "SV Horst-Emscher 2"]
[BlackTeam "SV Welper 2"]

1. d4 Nf6 2. c4 e5 3. dxe5 Ng4 4. Bf4 Bb4+ 5. Nc3 Nc6 6. Nf3 Bxc3+ 7. bxc3 Qe7
8. e3 Ngxe5 9. Nxe5 Nxe5 10. Be2 d6 11. O-O O-O 12. Qd4 Bd7 13. Rad1 Nc6 14.
Qd5 Be6 15. Qh5 Qf6 16. Bd3 h6 17. c5 Ne5 18. cxd6 Nxd3 19. Rxd3 Bc4 20. Rd4
Bxf1 21. Be5 Be2 22. f3 Qg5 23. Rg4 Qxe3+ 0-1

[Event "SV Welper 2 - SV Horst-Emscher 2"]
[Site "Verbandsklasse - Gruppe 2 202"]
[Date "2022.03.06"]
[Round "6.8"]
[White "Kleff, Tim"]
[Black "Rydzewski, Klaus"]
[Result "0-1"]
[WhiteElo "1680"]
[BlackElo "1841"]
[PlyCount "62"]
[EventDate "2022.??.??"]
[WhiteTeam "SV Welper 2"]
[BlackTeam "SV Horst-Emscher 2"]

1. d4 e6 2. c4 f5 3. Nc3 Nf6 4. a3 Be7 5. Nf3 O-O 6. e3 d5 7. Bd2 c6 8. Qc2 Ne4
9. Be2 Nd7 10. Rf1 Bf6 11. O-O-O b6 12. Ng1 Bb7 13. Nxe4 fxe4 14. Kb1 Rc8 15.
f3 c5 16. fxe4 cxd4 17. Bb4 Re8 18. exd4 dxe4 19. Qb3 Qc7 20. Qh3 a5 21. Be1
Ba6 22. Bg3 Qc6 23. b3 a4 24. d5 exd5 25. Rxd5 Ne5 26. Bxe5 Bxe5 27. Bg4 Bxc4
28. bxc4 Qxc4 29. Bxc8 Qxf1+ 30. Kc2 Qc4+ 31. Kb1 Qxd5 0-1

[Event "SV Eichlinghofen 2 - SC Rochade Rüttens"]
[Site "Verbandsklasse - Gruppe 2 202"]
[Date "2022.03.06"]
[Round "6.1"]
[White "Michalek, Christoph"]
[Black "Guddat, Joern"]
[Result "1-0"]
[WhiteElo "2141"]
[BlackElo "1753"]
[PlyCount "51"]
[EventDate "2022.??.??"]
[WhiteTeam "SC Rochade Rüttenscheid 1"]
[BlackTeam "SV Eichlinghofen 2"]

1. c4 e6 2. g3 d5 3. Bg2 c5 4. Nf3 Nc6 5. O-O Nf6 6. cxd5 exd5 7. d4 Be7 8. Nc3
O-O 9. dxc5 Bxc5 10. Bg5 Be7 11. Qb3 d4 12. Rfd1 h6 13. Bf4 Bb4 14. Nxd4 Qb6
15. Na4 Nxd4 16. Nxb6 Nxb3 17. axb3 Bh3 18. Nxa8 Bxg2 19. Kxg2 Rxa8 20. Bd6
Bxd6 21. Rxd6 Re8 22. Kf1 a6 23. Rc1 Re5 24. Rb6 Re7 25. Rc8+ Kh7 26. Rb8 1-0

[Event "SV Eichlinghofen 2 - SC Rochade Rüttens"]
[Site "Verbandsklasse - Gruppe 2 202"]
[Date "2022.03.06"]
[Round "6.2"]
[White "Witthaus, Martin"]
[Black "Stanau, Guido"]
[Result "0-1"]
[WhiteElo "1753"]
[BlackElo "2001"]
[PlyCount "80"]
[EventDate "2022.??.??"]
[WhiteTeam "SV Eichlinghofen 2"]
[BlackTeam "SC Rochade Rüttenscheid 1"]

1. d4 Nf6 2. c4 e6 3. Nc3 Bb4 4. Bd2 c5 5. e3 O-O 6. Nf3 d5 7. Be2 Nc6 8. a3
Bxc3 9. Bxc3 Ne4 10. O-O Nxc3 11. bxc3 b6 12. Rb1 Qd6 13. Bd3 f5 14. cxd5 exd5
15. c4 cxd4 16. cxd5 Qxd5 17. Rb5 Qd6 18. Bc4+ Kh8 19. Rd5 Qxa3 20. Ng5 h6 21.
Qh5 Qe7 22. h4 Qe8 23. Qxe8 Rxe8 24. Bb5 Be6 25. Rd6 hxg5 26. Bxc6 Rad8 27.
Rxd4 Rxd4 28. exd4 Rd8 29. Re1 Rd6 30. d5 Bxd5 31. Bxd5 Rxd5 32. hxg5 Kh7 33.
Re7 a5 34. Re6 b5 35. f4 a4 36. Ra6 Rd4 37. g3 Rd3 38. Kh2 a3 39. g6+ Kh6 40.
Ra5 Rd2+ 0-1

[Event "SV Eichlinghofen 2 - SC Rochade Rüttens"]
[Site "Verbandsklasse - Gruppe 2 202"]
[Date "2022.03.06"]
[Round "6.3"]
[White "Dorgarten, Armin"]
[Black "Scholz, Benedict"]
[Result "0-1"]
[WhiteElo "1947"]
[BlackElo "1634"]
[PlyCount "62"]
[EventDate "2022.??.??"]
[WhiteTeam "SC Rochade Rüttenscheid 1"]
[BlackTeam "SV Eichlinghofen 2"]

1. d4 Nf6 2. Nc3 d5 3. Bf4 g6 4. e3 Bg7 5. Be2 O-O 6. h4 h5 7. Nf3 c5 8. Ne5
Nc6 9. Qd2 cxd4 10. exd4 Bf5 11. Nxc6 bxc6 12. f3 Rc8 13. g4 hxg4 14. fxg4 Ne4
15. Nxe4 Bxe4 16. Rh2 Qb6 17. c3 e5 18. Be3 exd4 19. Bxd4 Bxd4 20. cxd4 c5 21.
h5 cxd4 22. Bd3 Qe6 23. Kf1 Qxg4 24. Bxe4 Qxe4 25. Re1 Qf3+ 26. Kg1 Rfe8 27.
hxg6 Qg3+ 28. Kf1 Rxe1+ 29. Qxe1 Qxh2 30. gxf7+ Kxf7 31. Qf2+ Qxf2+ 0-1

[Event "SV Eichlinghofen 2 - SC Rochade Rüttens"]
[Site "Verbandsklasse - Gruppe 2 202"]
[Date "2022.03.06"]
[Round "6.4"]
[White "Buechle, Manfred"]
[Black "Scharenberg, Rainer"]
[Result "0-1"]
[WhiteElo "1724"]
[BlackElo "2052"]
[PlyCount "94"]
[EventDate "2022.??.??"]
[WhiteTeam "SV Eichlinghofen 2"]
[BlackTeam "SC Rochade Rüttenscheid 1"]

1. e4 c5 2. b3 Nc6 3. Bb2 d6 4. Bb5 Nf6 5. Bxc6+ bxc6 6. d3 e5 7. Nf3 Be7 8. h3
O-O 9. O-O Ne8 10. Nbd2 f5 11. exf5 Bxf5 12. Qe2 Nc7 13. c4 Ne6 14. Ne4 Qd7 15.
Bc1 h6 16. Be3 g5 17. Nh2 Nf4 18. Bxf4 gxf4 19. f3 h5 20. Kh1 a5 21. Rfd1 a4
22. Nf1 Kf7 23. Qc2 Rfb8 24. bxa4 Rb4 25. Nc3 Qe6 26. a3 Rxc4 27. Qb3 Rd4 28.
Qb7 Qc8 29. Qb3+ d5 30. Qc2 e4 31. Qe2 Rxd3 32. Rxd3 exd3 33. Qe5 Bf6 34. Qe1
Qe6 35. Qxe6+ Kxe6 36. Rc1 Bxc3 37. Rxc3 Kd6 38. g4 fxg3 39. Nxg3 Bg6 40. Nf1
Rxa4 41. Kg2 Rc4 42. Rxc4 dxc4 43. Kf2 Kd5 44. Ke3 c3 45. a4 Kc4 46. f4 Kb3 47.
Ng3 c2 0-1

[Event "SV Eichlinghofen 2 - SC Rochade Rüttens"]
[Site "Verbandsklasse - Gruppe 2 202"]
[Date "2022.03.06"]
[Round "6.5"]
[White "Koprek, Juergen"]
[Black "Pyka, Martin"]
[Result "1/2-1/2"]
[WhiteElo "1882"]
[BlackElo "1767"]
[PlyCount "108"]
[EventDate "2022.??.??"]
[WhiteTeam "SC Rochade Rüttenscheid 1"]
[BlackTeam "SV Eichlinghofen 2"]

1. d4 d5 2. c4 Bf5 3. Nc3 dxc4 4. e4 Bg6 5. Bxc4 Nd7 6. Nge2 e6 7. O-O Nb6 8.
Bb3 Nf6 9. f3 Be7 10. Be3 O-O 11. Rc1 c6 12. Nf4 Rc8 13. Qe2 Bb4 14. a3 Bxc3
15. Rxc3 Nfd7 16. Nd3 Re8 17. Rd1 Qe7 18. Qf2 Kh8 19. Bf4 f6 20. Qg3 e5 21.
dxe5 Nxe5 22. Nxe5 fxe5 23. Bg5 Qc7 24. Rcd3 Bf7 25. Bxf7 Qxf7 26. Bd8 Nd5 27.
Ba5 Nf4 28. Rd7 Qxd7 29. Rxd7 Ne2+ 30. Kf2 Nxg3 31. Kxg3 b6 32. Bc3 a6 33. f4
exf4+ 34. Kxf4 Rf8+ 35. Ke3 Rg8 36. e5 Rge8 37. Ke4 Re6 38. Kf5 Rce8 39. g4 h6
40. h4 g6+ 41. Ke4 Kg8 42. h5 gxh5 43. gxh5 R8e7 44. Rd8+ Kf7 45. Kf5 c5 46. b3
b5 47. Rd5 b4 48. axb4 cxb4 49. Bxb4 Rb7 50. Be1 Rxb3 51. Rd7+ Re7 52. e6+ Ke8
53. Rd6 Rf3+ 54. Ke4 Rf6 1/2-1/2

[Event "SV Eichlinghofen 2 - SC Rochade Rüttens"]
[Site "Verbandsklasse - Gruppe 2 202"]
[Date "2022.03.06"]
[Round "6.6"]
[White "Milkert, Sascha"]
[Black "Furchtbar, Uwe"]
[Result "0-1"]
[WhiteElo "1673"]
[BlackElo "1848"]
[PlyCount "58"]
[EventDate "2022.??.??"]
[WhiteTeam "SV Eichlinghofen 2"]
[BlackTeam "SC Rochade Rüttenscheid 1"]

1. d4 Nf6 2. Bf4 g6 3. Nf3 Bg7 4. Nbd2 d5 5. e3 Nbd7 6. Bd3 c5 7. c3 b6 8. Qe2
Bb7 9. e4 dxe4 10. Nxe4 O-O 11. dxc5 Nxe4 12. Bxe4 Bxe4 13. Qxe4 Nxc5 14. Qc4
Nd3+ 15. Ke2 Nxb2 16. Qe4 Qc8 17. Nd2 Qxc3 18. Rhc1 Qa5 19. Rc7 Rad8 20. Rb1
Rd4 21. Qe3 Qxa2 22. Rxb2 Qxb2 23. Rxa7 e5 24. Bg5 Qb5+ 25. Ke1 Qd5 26. f3 Ra8
27. Rxa8+ Qxa8 28. Nb3 Qa3 29. Qc3 Qb4 0-1

[Event "SV Eichlinghofen 2 - SC Rochade Rüttens"]
[Site "Verbandsklasse - Gruppe 2 202"]
[Date "2022.03.06"]
[Round "6.7"]
[White "Storp, Thomas"]
[Black "Baltes, Sven"]
[Result "1-0"]
[WhiteElo "1831"]
[BlackElo "1656"]
[PlyCount "59"]
[EventDate "2022.??.??"]
[WhiteTeam "SC Rochade Rüttenscheid 1"]
[BlackTeam "SV Eichlinghofen 2"]

1. c4 Nf6 2. d4 d5 3. cxd5 Nxd5 4. e4 Nf6 5. Nc3 e6 6. Bg5 Be7 7. Nf3 Bd7 8.
Bd3 Bc6 9. O-O h6 10. Bf4 Nbd7 11. Qc2 g5 12. Be3 Nb6 13. Rad1 Nh5 14. Ne5 Nf4
15. Nxc6 bxc6 16. Ne2 Nxe2+ 17. Bxe2 Qd6 18. f4 O-O-O 19. Ba6+ Kd7 20. f5 exf5
21. Rxf5 Qe6 22. Rc1 Bd6 23. Qxc6+ Ke7 24. b3 Rhg8 25. Bd3 Rg6 26. Qc3 Kf8 27.
Rcf1 Rd7 28. d5 Qe8 29. Bb5 Qxe4 30. Bxb6 1-0

[Event "SV Eichlinghofen 2 - SC Rochade Rüttens"]
[Site "Verbandsklasse - Gruppe 2 202"]
[Date "2022.03.06"]
[Round "6.8"]
[White "Winkler, Daniel"]
[Black "Bruckmann, Jochen"]
[Result "0-1"]
[WhiteElo "1512"]
[BlackElo "1786"]
[PlyCount "90"]
[EventDate "2022.??.??"]
[WhiteTeam "SV Eichlinghofen 2"]
[BlackTeam "SC Rochade Rüttenscheid 1"]

1. e4 c5 2. Nf3 Nc6 3. Be2 d6 4. O-O g6 5. d4 cxd4 6. Nxd4 Bg7 7. Nxc6 bxc6 8.
c3 Nf6 9. Bf3 Bb7 10. Re1 O-O 11. b4 a5 12. Bb2 Qb6 13. Qb3 Rfb8 14. a4 Ba6 15.
b5 Nd7 16. c4 Ne5 17. Bxe5 Bxe5 18. Ra2 Bc8 19. Qd3 cxb5 20. cxb5 Be6 21. Rc2
Rc8 22. Rec1 Rc5 23. Rxc5 dxc5 24. Nc3 Rd8 25. Nd5 Qd6 26. g3 Bh3 27. Rd1 Kg7
28. Qc2 Bd4 29. b6 f5 30. Nf4 fxe4 31. Be2 Bf5 32. Qb3 e5 33. Ng2 Be6 34. Qb1
Qc6 35. Ne3 Rb8 36. Nc4 Qxa4 37. Nd6 Qc6 38. Nc4 Bxc4 39. Bxc4 Rxb6 40. Qc1 Qf6
41. Rf1 Rb2 42. Qe1 Qf3 43. Bd5 Re2 44. Bxe4 Rxe4 45. Qxa5 Re2 0-1

[Event "SK Werne 1 - SV Eichlinghofen 1"]
[Site "Verbandsklasse - Gruppe 3 202"]
[Date "2022.03.06"]
[Round "6.1"]
[White "Watzlawek, Markus"]
[Black "Schlierkamp, Ferdinand"]
[Result "1/2-1/2"]
[WhiteElo "2048"]
[BlackElo "2003"]
[PlyCount "24"]
[EventDate "2022.??.??"]
[WhiteTeam "SV Eichlinghofen 1"]
[BlackTeam "SK Werne 1"]

1. d4 d5 2. c4 c6 3. Nf3 Nf6 4. cxd5 cxd5 5. Nc3 e6 6. Bf4 a6 7. e3 Be7 8. Bd3
b5 9. O-O Bb7 10. Qe2 O-O 11. h3 Nbd7 12. Rfc1 Rc8 1/2-1/2

[Event "SK Werne 1 - SV Eichlinghofen 1"]
[Site "Verbandsklasse - Gruppe 3 202"]
[Date "2022.03.06"]
[Round "6.3"]
[White "Brockmann, Michael"]
[Black "Gäßner, Marcus"]
[Result "1/2-1/2"]
[WhiteElo "2050"]
[BlackElo "1821"]
[PlyCount "20"]
[EventDate "2022.??.??"]
[WhiteTeam "SV Eichlinghofen 1"]
[BlackTeam "SK Werne 1"]

1. e4 e6 2. d4 d5 3. exd5 exd5 4. Bd3 Nf6 5. Nf3 Bd6 6. O-O O-O 7. h3 Re8 8. c3
c6 9. Nbd2 Be6 10. Re1 h6 1/2-1/2

[Event "SK Werne 1 - SV Eichlinghofen 1"]
[Site "Verbandsklasse - Gruppe 3 202"]
[Date "2022.03.06"]
[Round "6.5"]
[White "Wloka, Sebastian"]
[Black "Schotte, Ralf"]
[Result "1/2-1/2"]
[WhiteElo "1866"]
[BlackElo "1707"]
[PlyCount "21"]
[EventDate "2022.??.??"]
[WhiteTeam "SV Eichlinghofen 1"]
[BlackTeam "SK Werne 1"]

1. d4 d5 2. c4 e6 3. Nc3 Nf6 4. cxd5 exd5 5. Bg5 Be7 6. e3 c6 7. Bd3 h6 8. Bh4
O-O 9. Qc2 Re8 10. Nge2 Nbd7 11. O-O 1/2-1/2

[Event "SK Werne 1 - SV Eichlinghofen 1"]
[Site "Verbandsklasse - Gruppe 3 202"]
[Date "2022.03.06"]
[Round "6.7"]
[White "Gitschel, Ralf"]
[Black "Nadrowski, Joseph"]
[Result "1/2-1/2"]
[WhiteElo "1863"]
[BlackElo "1533"]
[PlyCount "21"]
[EventDate "2022.??.??"]
[WhiteTeam "SV Eichlinghofen 1"]
[BlackTeam "SK Werne 1"]

1. e4 d6 2. d4 Nf6 3. Bd3 g6 4. Ne2 Bg7 5. h3 c5 6. c3 Nbd7 7. O-O O-O 8. Be3
c4 9. Bc2 b5 10. Nd2 Bb7 11. Ng3 1/2-1/2

[Event "Hervest-Dorstener SK 1 - SV Sterkrade-N"]
[Site "Verbandsklasse - Gruppe 3 202"]
[Date "2022.03.06"]
[Round "6.1"]
[White "Labuda, Markus"]
[Black "Tig, Achmet"]
[Result "1/2-1/2"]
[WhiteElo "1946"]
[BlackElo "1967"]
[PlyCount "43"]
[EventDate "2022.??.??"]
[WhiteTeam "SV Sterkrade-Nord 2"]
[BlackTeam "Hervest-Dorstener SK 1"]

1. d4 Nf6 2. Bf4 d6 3. e3 g6 4. c3 Bg7 5. Nf3 O-O 6. h3 c5 7. Be2 Qb6 8. Qb3
Be6 9. Qxb6 axb6 10. a3 Nc6 11. Nbd2 Na5 12. O-O Rfc8 13. Rac1 Nb3 14. Nxb3
Bxb3 15. Nd2 Bd5 16. Bd3 Ra4 17. Rfe1 Bc6 18. Bg5 b5 19. Rc2 e5 20. c4 b4 21.
axb4 Rxb4 22. dxe5 1/2-1/2

[Event "Hervest-Dorstener SK 1 - SV Sterkrade-N"]
[Site "Verbandsklasse - Gruppe 3 202"]
[Date "2022.03.06"]
[Round "6.2"]
[White "Nowok, Frank"]
[Black "Altenburg, Frank"]
[Result "1/2-1/2"]
[WhiteElo "1896"]
[BlackElo "1853"]
[PlyCount "35"]
[EventDate "2022.??.??"]
[WhiteTeam "Hervest-Dorstener SK 1"]
[BlackTeam "SV Sterkrade-Nord 2"]

1. e4 e6 2. c4 c5 3. Nc3 Nc6 4. g3 b6 5. Bg2 Bb7 6. Nf3 d6 7. O-O Nf6 8. d4
cxd4 9. Nxd4 Qd7 10. Be3 Be7 11. Qe2 O-O 12. Rfd1 Rac8 13. Nc2 Rfd8 14. b3 Ne8
15. Rac1 Bf6 16. Nb5 Ba6 17. Nbd4 Bb7 18. h4 1/2-1/2

[Event "Hervest-Dorstener SK 1 - SV Sterkrade-N"]
[Site "Verbandsklasse - Gruppe 3 202"]
[Date "2022.03.06"]
[Round "6.3"]
[White "Matthies, Jochen"]
[Black "Hermanowski, Mark"]
[Result "0-1"]
[WhiteElo "1747"]
[BlackElo "1878"]
[PlyCount "54"]
[EventDate "2022.??.??"]
[WhiteTeam "SV Sterkrade-Nord 2"]
[BlackTeam "Hervest-Dorstener SK 1"]

1. d4 e6 2. Nf3 b6 3. e3 Bb7 4. Nbd2 f5 5. b3 g5 6. Bb2 Bg7 7. h3 Nh6 8. c4 O-O
9. Qc2 Qf6 10. h4 g4 11. Ne5 d6 12. Nd3 Nd7 13. d5 e5 14. Nf4 Bh8 15. Ne6 Rfc8
16. Ng5 c6 17. e4 cxd5 18. exd5 Bxd5 19. Qd3 Bb7 20. f3 Qe7 21. Be2 e4 22. Qc2
exf3 23. gxf3 Re8 24. Rh2 Be5 25. Rg2 Bg3+ 26. Kf1 Bxh4 27. Qc3 Ne5 0-1

[Event "Hervest-Dorstener SK 1 - SV Sterkrade-N"]
[Site "Verbandsklasse - Gruppe 3 202"]
[Date "2022.03.06"]
[Round "6.4"]
[White "Vengels, Joachim"]
[Black "Schmidt, Michael"]
[Result "1-0"]
[WhiteElo "1962"]
[BlackElo "1753"]
[PlyCount "39"]
[EventDate "2022.??.??"]
[WhiteTeam "Hervest-Dorstener SK 1"]
[BlackTeam "SV Sterkrade-Nord 2"]

1. e4 d6 2. Bc4 Nf6 3. d3 g6 4. f4 Bg7 5. Bb3 Nc6 6. c3 e5 7. Nf3 Qe7 8. O-O
O-O 9. Na3 Bg4 10. h3 Bxf3 11. Qxf3 exf4 12. Bxf4 Nh5 13. Bh2 Ne5 14. Qe3 c6
15. d4 Nd7 16. Nc4 d5 17. Bd6 Qxe4 18. Qxe4 dxe4 19. Bxf8 Rxf8 20. Nd6 1-0